000 00732nam a22001577a 4500
003 OSt
005 20150916162811.0
008 150916b xxu||||| |||| 00| 0 eng d
040 _cRUA
082 _aAGR SAR 1999 BOO25 Or.1
100 _9613
_aSAR, SAVANNARA
245 _aTiming of introgen fertilizer application for santephap 3varety in case of toul samrong station, battambang province,(ពេលវេលានៃការដាក់ជីអាសូតលើដំណាំស្រូវសន្តិភាព ៣ នៅស្ថានី៍យ៍ពិសោធន៍ទូលសមរោង​ខេត្តបាត់ដំបង)
260 _aphnom phen
_bRUA
_c1999
300 _a46p.
_bill.
_c29cm.
942 _2ddc
_cAGR
999 _c588
_d588